合併や昇格を伴わずに改称した町村 - Statistics

General Stats
  • This quiz has been taken 44 times
  • The average score is 16 of 64
Answer Stats
都道府県 改称年月日 所属郡 市町村名 改称後の市町村名 % Correct
1960-08-01 大湊田名部市 むつ市
90%
愛知県 1959-01-01 挙母市 豊田市
79%
兵庫県 2019-05-01 篠山市 丹波篠山市
79%
1992-04-01 大沼郡 本郷町 会津本郷町
74%
1970-08-01 北牟婁郡 長島町 紀伊長島町
74%
1954-05-10 西国東郡 高田町 豊後高田町
72%
青森県 1956-10-10 三本木市 十和田市
69%
1990-09-30 利尻郡 東利尻町 利尻富士町
56%
福岡県 1955-04-14 宇島市 豊前市
56%
1970-10-01 幌泉郡 幌泉町 えりも町
54%
1954-11-15 東葛市 柏市
54%
1975-04-01 上北郡 十和田町 十和田湖町
51%
1961-04-01 幌別郡 幌別町 登別町
46%
1964-10-01 虻田郡 狩太町 ニセコ町
46%
1992-04-01 新島本村 新島村
46%
1969-10-01 中頸城郡 妙高々原町 妙高高原町
46%
鹿児島県 1952-02-10 大島郡 十島村 三島村
38%
広島県 1950-11-03 佐伯郡 厳島町 宮島町
36%
1992-04-01 明方村 明宝村
33%
佐賀県 1966-11-01 東松浦郡 浜崎玉島町 浜玉町
33%
秋田県 1966-04-01 雄勝郡 稲庭川連町 稲川町
28%
大阪府 1960-01-01 南河内郡 藤井寺道明寺町 美陵町
28%
1955-05-01 最上郡 古口村 戸沢村
26%
1956-04-01 双葉郡 標葉町 双葉町
26%
1996-07-01 群馬郡 倉淵村 倉渕村
26%
1957-04-01 姶良郡 隼人日当山町 隼人町
26%
1963-04-01 中川郡 常盤村 音威子府村
23%
栃木県 1954-04-29 下都賀郡 国分寺小金井町 国分寺町
23%
1972-11-01 秩父郡 野上町 長瀞町
23%
奈良県 1968-01-01 添上郡 月瀬村 月ヶ瀬村
23%
1954-10-01 勇払郡 安平村 早来村
21%
北海道 1950-09-01 有珠郡 徳舜瞥村 大滝村
18%
群馬県 1956-02-01 吾妻郡 原町 吾妻町
18%
福井県 1956-09-29 今立郡 粟田部町 今立町
18%
1985-04-01 亀田郡 尻岸内町 恵山町
15%
岐阜県 1970-04-20 郡上郡 奥明方村 明方村
15%
千葉県 1952-01-01 東葛飾郡 江戸川町 流山町
13%
埼玉県 1956-04-15 北葛飾郡 松伏領村 松伏村
10%
山梨県 1965-01-01 南都留郡 中野村 山中湖村
10%
島根県 1957-05-03 大原郡 雲南木次町 木次町
10%
1959-05-01 寿都郡 三和町 黒松内町
8%
宮城県 1951-04-02 栗原郡 藤里町 瀬峰町
8%
石川県 1958-12-01 珠洲郡 松波町 内浦町
8%
1955-12-01 更級郡 稲荷山桑原町 稲荷山町
8%
1953-09-01 下毛郡 中耶馬溪村 耶馬溪村
8%
琉球 1956-06-13 中頭郡 越来村 コザ村
8%
新潟県 1955-04-10 中頸城郡 名香山村 妙高々原村
5%
1956-01-10 東蒲原郡 鹿実谷町 鹿瀬町
5%
1955-06-01 埴科郡 埴科屋代町 屋代町
5%
福島県 1952-11-03 南会津郡 伊北村 只見村
3%
茨城県 1950-11-03 稲敷郡 瑞穂村 長竿村
3%
1959-08-01 北群馬郡 桃井村 榛東村
3%
1958-11-01 仁多郡 斐上町 横田町
3%
1953-10-15 川辺郡 西南方村 坊津村
3%
山形県 1950-10-10 南村山郡 堀田村 蔵王村
0%
1957-01-01 邑楽郡 中島村 邑楽村
0%
1955-07-01 北蒲原郡 福島村 豊浦村
0%
長野県 1953-08-18 下高井郡 豊郷村 野沢温泉村
0%
三重県 1955-02-11 安濃郡 協和村 安濃村
0%
和歌山県 1951-10-01 海草郡 猿川村 国吉村
0%
岡山県 1952-04-01 久米郡 稲岡南村 誕生寺村
0%
香川県 1951-04-01 香川郡 安原上西村 上西村
0%
愛媛県 1951-08-10 周桑郡 千足山村 石鎚村
0%
大分県 1950-12-19 南海部郡 東上浦村 上浦村
0%
No matching quizzes found
Score Distribution
Percent of People with Each Score
Percentile by Number Answered
Your Score History
You have not taken this quiz